000 00437nam a2200181Ia 4500
001 8170
005 20260306160549.0
008 260306t2005||||xx |||||||||||||| ||spa||
041 _aESP
082 _a370.15
_bA45
100 _aTapia, Jesús Alonso
_eAUT
245 0 _aMotivar en la escuela, motivar en la familia
260 _c2005
300 _a251 páginas :
_ccm.
650 _aGEN
654 _aCED
942 _cLIB
_dJUS
_fJUS
_2ddc
_n
999 _c8170
_d8170